| 000 | 01205nam a22001937a 4500 | ||
|---|---|---|---|
| 005 | 20250919103508.0 | ||
| 010 | _aB-775820-832 20BACCHHN25 | ||
| 020 |
_c250.00 _a9788189982874 |
||
| 035 | _aB-775820-832 | ||
| 037 | _bआर्य प्रकाशन मंडल | ||
| 082 | _a921 | ||
| 100 |
_aगुप्त, विश्वनाथ _985140 |
||
| 245 |
_aमहान गणितज्ञ आर्यभट्ट / _cविश्वनाथ गुप्त |
||
| 260 |
_aनई दिल्ली _bआर्य प्रकाशन मंडल _c2024 |
||
| 270 |
_a210-211, 4855-54, अंसारी रोड, _bनई दिल्ली _e110002 |
||
| 300 |
_a48पृ. _c20सेमी (सजिल्द) _bसचित्र |
||
| 942 |
_2ddc _cCH _h921 _mगुप्तवि |
||
| 999 |
_c209622 _d209622 |
||